Guaranteed to bend your brain / (Record no. 1928)

MARC details
000 -LEADER
fixed length control field 01578cam a22004097a 4500
001 - CONTROL NUMBER
control field 1928
003 - CONTROL NUMBER IDENTIFIER
control field FISKH
005 - DATE AND TIME OF LATEST TRANSACTION
control field 20241217143734.0
008 - FIXED-LENGTH DATA ELEMENTS--GENERAL INFORMATION
fixed length control field 160205r20081997enka j 000 0 eng
010 ## - LIBRARY OF CONGRESS CONTROL NUMBER
LC control number 2015458861
015 ## - NATIONAL BIBLIOGRAPHY NUMBER
National bibliography number GBA864049
Source bnb
016 7# - NATIONAL BIBLIOGRAPHIC AGENCY CONTROL NUMBER
Record control number 014607513
Source Uk
020 ## - INTERNATIONAL STANDARD BOOK NUMBER
International Standard Book Number 9781407105888 (pbk.)
020 ## - INTERNATIONAL STANDARD BOOK NUMBER
International Standard Book Number 1407105884 (pbk.)
035 ## - SYSTEM CONTROL NUMBER
System control number (OCoLC)ocn680484938
040 ## - CATALOGING SOURCE
Original cataloging agency Nz
Language of cataloging eng
Transcribing agency NZRPM
Modifying agency OCLCF
-- DLC
042 ## - AUTHENTICATION CODE
Authentication code lccopycat
050 00 - LIBRARY OF CONGRESS CALL NUMBER
Classification number QA99
Item number .P6695 2008
082 04 - DEWEY DECIMAL CLASSIFICATION NUMBER
Classification number 510
Edition number 22
100 1# - MAIN ENTRY--PERSONAL NAME
Personal name Poskitt, Kjartan.
245 10 - TITLE STATEMENT
Title Guaranteed to bend your brain /
Statement of responsibility, etc. Kjartan Poskitt ; [illustrations, Trevor Dunton, Rob Davis].
250 ## - EDITION STATEMENT
Edition statement New ed.
260 ## - PUBLICATION, DISTRIBUTION, ETC.
Place of publication, distribution, etc. London :
Name of publisher, distributor, etc. Scholastic,
Date of publication, distribution, etc. 2008.
300 ## - PHYSICAL DESCRIPTION
Extent 144 pages :
Other physical details illustrations ;
Dimensions 20 cm.
505 ## - FORMATTED CONTENTS NOTE
Formatted contents note Z'<br/>
520 ## - SUMMARY, ETC.
Summary, etc. Find out about how maths could help you rescue someone in deadly peril, how not to shoot yourself with a cannon, and meet famous mathematicians who were really hard. And watch out for One Finger Jimmy, Chainsaw Charlie and their gangster friends, who are living proof that maths can be murderous.
521 8# - TARGET AUDIENCE NOTE
Target audience note 1000<br/><br/>
Source Lexile<br/>
521 8# - TARGET AUDIENCE NOTE
Target audience note Z'<br/>
Source Raz-Plus<br/>
650 #0 - SUBJECT ADDED ENTRY--TOPICAL TERM
Topical term or geographic name entry element Mathematics
Form subdivision Miscellanea
-- Juvenile literature.
650 #0 - SUBJECT ADDED ENTRY--TOPICAL TERM
Topical term or geographic name entry element Mathematics
Form subdivision Juvenile humor.
650 #7 - SUBJECT ADDED ENTRY--TOPICAL TERM
Topical term or geographic name entry element Mathematics.
Source of heading or term fast
Authority record control number or standard number (OCoLC)fst01012163
700 1# - ADDED ENTRY--PERSONAL NAME
Personal name Dunton, Trevor.
Relator term illustrator
700 1# - ADDED ENTRY--PERSONAL NAME
Personal name Poskitt, Kjartan.
Title of a work Murderous maths.
906 ## - LOCAL DATA ELEMENT F, LDF (RLIN)
a 7
b cbc
c copycat
d 2
e ncip
f 20
g y-gencatlg
942 ## - ADDED ENTRY ELEMENTS (KOHA)
Source of classification or shelving scheme Dewey Decimal Classification
Koha item type Books
Suppress in OPAC No
Holdings
Withdrawn status Lost status Source of classification or shelving scheme Damaged status Not for loan Collection Home library Current library Shelving location Date acquired Total Checkouts Full call number Barcode Date last seen Copy number Price effective from Koha item type
    Dewey Decimal Classification     Non-Fiction Footprints International School Library Network Toul Kork Campus Footprints International School Library Network Toul Kork Campus   10/18/2023   POS 510 QA99.P67 FISTK03925 10/18/2023 1 10/18/2023 Books
    Dewey Decimal Classification     Non-Fiction Footprints International School Library Network Toul Kork Campus Footprints International School Library Network Toul Kork Campus TTP Secondary Non-Fiction Bookshelves 10/18/2023   POS 510 QA99.P67 FISSE00181 11/21/2024 2 10/18/2023 Books
    Dewey Decimal Classification     Non-Fiction Footprints International School Library Network Toul Kork Campus Footprints International School Library Network Toul Kork Campus TTP Secondary Non-Fiction Bookshelves 12/17/2024   POS 510 QA99.P67 2024-2480 12/17/2024 3 12/17/2024 Books